Normal view MARC view
  • Skinner, B. F.

Entry Nombre Personal

Number of records used in: 23

001 - NUMERO DE CONTROL

  • campo de control: 30021

003 - IDENTIFICADOR DE NUMERO DE CONTROL

  • campo de control: DLC

005 - FECHA Y HORA DE LA ÜLTIMA TRANSACCIÓN

  • campo de control: 20220401130500.0

008 - DATOS DE LONGITUD FIJA

  • campo de control de longitud fija: 220401n| azannaabn |a aaa

010 ## - NÚMERO DE CONTROL DE LA BIBLIOTECA DEL CONGRESO

  • Número de control LC: n 79023302

035 ## - NUMERO DE CONTROL

  • Número de control: (OCoLC)oca00257067

040 ## - FUENTE DE CATALOGACIÓN

  • Agencia original de catalogación: DLC
  • Lenguaje de catalogación: spa
  • Description conventions: rda
  • Agencia de transcripción: DLC
  • Agencia que lo modifica: DLC
  • Agencia que lo modifica: DNLM
  • Agencia que lo modifica: DLC
  • Agencia que lo modifica: DNLM
  • Agencia que lo modifica: NcU
  • Agencia que lo modifica: MX-MxUPN

046 ## - FECHAS CON CODIFICACIÓN ESPECIAL

  • Fecha de nacimiento: 1904-03-20
  • Fecha de muerte: 1990-08-18
  • Fuente del formato de fecha: edtf

053 #4 - NÚMERO DE CLASIFICACIÓN LC

  • Número de clasificación elemento-número único o número inicial de tramo: PS3537.K527
  • Institución que aplica el campo: NcU

100 1# - ENCABEZAMIENTO - NOMBRE PERSONAL

  • Nombre personal: Skinner, B. F.
  • Fuller form of name: (Burrhus Frederic),
  • Fechas asociadas con el nombre: 1904-1990

370 ## - LUGAR ASOCIADO

  • Associated country: Estados Unidos
  • Fuente del término: naf

372 ## - CAMPO DE ACTIVIDAD

  • Field of activity: Psicología

373 ## - GRUPO ASOCIADO

  • Associated group: Harvard University
  • Fuente del término: naf

374 ## - OCUPACIÓN

  • Occupation: Psicólogo
  • Fuente del término: lcsh

377 ## - LENGUA ASOCIADA

  • Language code: eng

378 ## - FORMA COMPLETA DE NOMBRE PERSONAL

  • Fuller form of personal name: Burrhus Frederic

400 1# - VEÁSE - NOMBRE DE PERSONA

  • Personal name: Skinner, Burrhus Frederic,
  • Dates associated with a name: 1904-1990

400 1# - VEÁSE - NOMBRE DE PERSONA

  • Personal name: Skinner, Fred,
  • Dates associated with a name: 1904-1990

670 ## - FUENTE EN LA QUE SE LOCALIZARON DATOS

  • Cita de la fuente: En su obra: A digest of decisions of the Anthracite board of conciliation ... 1928:
  • Información localizada: portada (B.F. Skinner)

670 ## - FUENTE EN LA QUE SE LOCALIZARON DATOS

  • Cita de la fuente: Washington post, 8/20/1990:
  • Información localizada: página D4 (B.F. Skinner; died 8/18/1990 in Cambridge, Mass.; m. Burrhus Frederic Skinner, 3/20/1904 in Susquehanna, Pa., became known as "B.F.", but to his friends he was Fred)

670 ## - FUENTE EN LA QUE SE LOCALIZARON DATOS

  • Cita de la fuente: Wikipedia, Jan. 31, 2020:
  • Información localizada: (Burrhus Frederic Skinner, commonly known as B. F. Skinner; born March 20, 1904, Susquehanna, Pa., died August 18, 1990, Cambridge, Mass.; American psychologist, behaviorist, author, inventor, and social philosopher; the Edgar Pierce Professor of Psychology at Harvard University from 1958 until his retirement in 1974)
  • Uniform Resource Identifier: https://en.wikipedia.org/wiki/B._F._Skinner

902 ## - CATALOGADOR

  • Catalogador: NDAF/220401